Sử dụng Autocad 2006

সংরক্ষণ করুন:
গ্রন্থ-পঞ্জীর বিবরন
প্রধান লেখক: Nguyễn, Hữu Lộc
বিন্যাস: গ্রন্থ
ভাষা:Undetermined
প্রকাশিত: Thành phố Hồ Chí Minh Tổng hợp Thành phố Hồ Chí Minh 2005
বিষয়গুলি:
ট্যাগগুলো: ট্যাগ যুক্ত করুন
কোনো ট্যাগ নেই, প্রথমজন হিসাবে ট্যাগ করুন!
Thư viện lưu trữ: Trung tâm Học liệu Trường Đại học Cần Thơ
LEADER 00623nam a2200193Ia 4500
001 CTU_95370
008 210402s9999 xx 000 0 und d
020 |c 59000 
082 |a 620.00420285 
082 |b L451/T.1 
100 |a Nguyễn, Hữu Lộc 
245 0 |a Sử dụng Autocad 2006 
245 0 |c Nguyễn Hữu Lộc 
260 |a Thành phố Hồ Chí Minh 
260 |b Tổng hợp Thành phố Hồ Chí Minh 
260 |c 2005 
650 |a AutoCad (Computer program language),Computer-aided design 
904 |i Truc 
980 |a Trung tâm Học liệu Trường Đại học Cần Thơ